| 000 | 00489nam a22001457a 4500 | ||
|---|---|---|---|
| 003 | SGT | ||
| 082 |
_a618.2 _bC22G |
||
| 100 | _aGUPTA, SOMYA | ||
| 245 | _aCOMPARISION OF LEVELS OF LACTATE DEHYDROGENASE, ASPARTATE TRANSAMINASE AND URIC ACID IN HYPERTENSIVE DISORDERS OF PREGNANCY AND NORMOTENSIVE PREGNANT WOMEN AND ITS EFFECTS ON FETO-MATERNAL OUTCOME | ||
| 260 |
_aGURUGRAM _bSGTU _c2022 |
||
| 300 | _a123 | ||
| 650 | _aOBSTETRICS AND GYNAECOLOGY | ||
| 653 | _aMS | ||
| 942 |
_2ddc _cTH |
||
| 999 |
_c33183 _d33183 |
||